Missing Word: Law Misconceptions Quiz Stats

 Plays Quiz Updated Jul 29, 2018

Challenge
Share
Tweet
Embed
Score 0/20 Timer 08:00
1 Play Today
Misconception Missing Word % Correct
You should wait __ hours before reporting a missing person.24
98.1%
Freedom of ______ allows individuals to say whatever they wish.speech
97.1%
It is always illegal to film someone without their __________.permission
96.7%
______ prints are a quick and efficient way to convict.Finger
95.4%
________ violence means striking one's spouse.Domestic
95.1%
A confession is proof that the suspect is ______.guilty
95.1%
Circumstantial ________ can't be used to convict.evidence
94.3%
The ______ Nations has an enforcement branch to maintain international law.United
92.8%
Police working __________ must confess to being police officers if asked.undercover
91.8%
Players cannot count _____ in casinos.cards
91.7%
Misconception Missing Word % Correct
______ killers are always white men.Serial
88.7%
An American police officer must read the _______ rights before making an arrest.Miranda
88.6%
_________ analysis is done very quickly in a lab.Forensic
87.4%
Violent _____ has been increasing over the generations.crime
86.8%
The biggest threat to children is 'stranger ______'danger
85%
Long ______ sentences often deter future crime.prison
84.2%
Being tried twice for the same crime, known as _____ _____, is illegal.double jeopardy
75.2%
The goal of defense _______ is to let criminals go free.attorneys
73.2%
An honest ________ account of a crime is usually accurate.witness
73%
Examining a crime scene and examining evidence are done by the ____ person.same
66.6%

Today's Daily Dose

You're not logged in!

Compare scores with friends on all Sporcle quizzes.
OR
Log In

You Might Also Like...

Show Comments

Extras

Top Quizzes Today


Score Distribution

Your Account Isn't Verified!

In order to create a playlist on Sporcle, you need to verify the email address you used during registration. Go to your Sporcle Settings to finish the process.

Report this User

Report this user for behavior that violates our Community Guidelines.

Details: